000
00315 a2200109 4500
001
ART_41801
005
20260410161814.0
008
260409a
245
1
0
_a
Aproximación a la ética filosófica
100
1
_a
D'Auria, Aníbal
773
0
_t
Academia
_g
- Año 11, Nº21 (ene./jun. 2013)
_w
REV4314
999
_c
21720
_d
21720